000 01196nam a2200229Ia 4500
003 Ost
005 20260416102353.0
008 260416s9999||||xx |||||||||||||| ||und||
040 _cfsecg
041 _aara
082 _a346.07
100 _aبوزهار، علاوة
_eمؤلف
245 0 _aمحاضرات في القانون التجاري :
_bمدخل للقانون التجاري ، الاعمال التجارية ، التاجر ، المحل التجاري /
_c علاوة بوزهار
260 _aالجزائر
_bجامعة الجزائر3: كلية العلوم الإقتصادية، العلوم التجارية وعلوم التسيير
_c2018
300 _a114 ورقة
_c30 سم
504 _aمراجع ص.112
520 _aنشأة القانون التجاري وتطوره، الأعمال التجارية وأنواعها، التاجر والتزاماته القانونية، المحل التجاري
653 _aالتجارة
653 _aالقانون التجاري
710 _aجامعة الجزائر3: كلية العلوم الإقتصادية، العلوم التجارية وعلوم التسيير
_eناشر علمي
942 _cHANDOUT
999 _c41086
_d41086